000 00482 a2200181 4500
001 61214
020 _a9788526267855
041 _apor
090 _aYear 6 028
100 _aBarbosa, Rogério Andrade.
250 _a. ed.
697 _aLiteratura infantojuvenil.
697 _aContos africanos
040 _aBR-BrIDEA
_cBR-BrIDEA
245 1 0 _aO segredo das tranças e outras histórias africanas
_c Rogério Andrade Barbosa
260 _aManaus
_bScipione
_c2007
942 _cBK
999 _c61214
_d61214